000 00446nam a2200193Ia 4500
005 20250423094823.0
008 250422s9999 xx 000 0 und d
020 _a0-205-10913-6
050 _aJF 51 .C62
100 _aG. Bingham Powell, Jr.
245 0 _aComparative Politics Today
250 _aTenth Edition
260 _aUSA
260 _bPearson
260 _c2012
300 _a722 p
650 _aPolitical Science
942 _cBK
999 _c28391
_d28391